Central Library OPAC University of Rajshahi

Genes, trade, and regulation : (Record no. 12943)

MARC details
000 -LEADER
fixed length control field 01235aam a2200301 a 4500
001 - CONTROL NUMBER
control field 12943
003 - CONTROL NUMBER IDENTIFIER
rucl marc code BD-RjUL
005 - DATE AND TIME OF LATEST TRANSACTION
control field 20211208235359.0
008 - FIXED-LENGTH DATA ELEMENTS--GENERAL INFORMATION
fixed length control field 140130s2003 ii b 001 0 eng d
020 ## - INTERNATIONAL STANDARD BOOK NUMBER
International Standard Book Number 8173715114
035 ## - SYSTEM CONTROL NUMBER
System control number (BD-RjUL)12993
040 ## - CATALOGING SOURCE
Original cataloging agency DLC
Language of cataloging eng
Transcribing agency DLC
Modifying agency BD-RjUL
041 ## - LANGUAGE CODE
Language code of text/sound track or separate title eng
082 00 - DEWEY DECIMAL CLASSIFICATION NUMBER
Classification number 338.47664
Edition number 21
Author mark and year BEG 2003
100 1# - MAIN ENTRY--PERSONAL NAME
Personal name Bernauer, Thomas.
9 (RLIN) 40353
245 10 - TITLE STATEMENT
Title Genes, trade, and regulation :
Remainder of title the seeds of conflict in food biotechnology /
Statement of responsibility, etc. by Thomas Bernauer.
260 ## - PUBLICATION, DISTRIBUTION, ETC. (IMPRINT)
Place of publication, distribution, etc. Hyderabad :
Name of publisher, distributor, etc. University Press (India) Pvt. Ltd.,
Date of publication, distribution, etc. 2003.
300 ## - PHYSICAL DESCRIPTION
Pagination viii, 229 p. ;
Size 24 cm.
504 ## - BIBLIOGRAPHY, ETC. NOTE
Bibliography, etc Includes bibliographical references (p. [213]-224) and index.
650 #0 - SUBJECT ADDED ENTRY--TOPICAL TERM
Topical term or geographic name as entry element Food industry and trade
General subdivision Government policy
Geographic subdivision United States.
9 (RLIN) 40354
Topical term or geographic name as entry element Biotechnology industries
General subdivision Government policy
Geographic subdivision United States.
9 (RLIN) 40355
Topical term or geographic name as entry element Genetic engineering industry
General subdivision Government policy
Geographic subdivision United States.
9 (RLIN) 40356
Topical term or geographic name as entry element Agricultural biotechnology
General subdivision Government policy
Geographic subdivision United States.
9 (RLIN) 40357
Topical term or geographic name as entry element Food industry and trade
General subdivision Technological innovations
Geographic subdivision United States.
9 (RLIN) 40358
Topical term or geographic name as entry element Food
General subdivision Labeling
-- Government policy
Geographic subdivision United States.
9 (RLIN) 40359
942 ## - ADDED ENTRY ELEMENTS (KOHA)
Source of classification or shelving scheme Dewey Decimal Classification
Koha item type Books
Holdings
Lost status Source of classification or shelving scheme Damaged status Not for loan Collection code Permanent Location Current Location Shelving location Date acquired Source of acquisition Cost, normal purchase price Total Checkouts Full call number Date last seen Copy number Koha item type
  Dewey Decimal Classification     Non-fiction Central Library, University of Rajshahi Central Library, University of Rajshahi   19/06/2013 Dhaka, Paragon Enterprises Ltd. 400.00   338.47664 BEG 2003 30/01/2014 C-2 Books
  Dewey Decimal Classification   Not For Loan Non-fiction Central Library, University of Rajshahi Central Library, University of Rajshahi Reading Room 03/01/2009 Dhaka, Mullick & Brothers 9900.00   338.47664 BEG 2005 10/04/2017 C-1 Books